[Event "Niederoesterreich Landesliga 1213"]
[Site "Austria"]
[Date "2012.11.25"]
[Round "4"]
[White "Winiwarter, Felix"]
[Black "Ebner, Johann"]
[Result "1-0"]
[WhiteElo "2155"]
[BlackElo "2090"]
[PlyCount "45"]
[EventDate "2012.09.30"]
[EventType "team-tourn"]
[EventRounds "7"]
[EventCountry "AUT"]
[SourceTitle "EXT 2022"]
[Source "ChessBase"]
[SourceDate "2021.10.06"]
[SourceVersion "1"]
[SourceVersionDate "2021.10.06"]
[SourceQuality "1"]

1. d4 e6 2. e4 d5 3. e5 c5 4. c3 Nc6 5. Nf3 Nh6 6. Bd3 Nf5 7. dxc5 Bxc5 8. 0-0 h6 9. Qc2 Nh4 10. Nbd2 Bd7 11. b4 Nxf3+ 12. Nxf3 Bb6 13. Kh1 0-0 14. b5 Na5 15. Nd4 Rc8 16. Bd2 Nc4 17. f4 Nxd2 18. Qxd2 Ba5 19. Rac1 f5 20. Bb1 Bb6 21. a4 Rc4 22. Nxf5 Rxa4 23. Nd6 1-0

[Event "AUT-ch"]
[Site "Zwettl"]
[Date "2012.07.21"]
[Round "1"]
[White "Winiwarter, Felix"]
[Black "Kummer, Helmut"]
[Result "0-1"]
[WhiteElo "2152"]
[BlackElo "2362"]
[PlyCount "102"]
[EventDate "2012.07.21"]
[EventType "swiss"]
[EventRounds "9"]
[EventCountry "AUT"]
[SourceTitle "CBM 149 Extra"]
[Source "ChessBase"]
[SourceDate "2012.08.24"]
[SourceVersion "1"]
[SourceVersionDate "2012.08.24"]
[SourceQuality "1"]

1. e4 e5 2. Nf3 Nc6 3. Bb5 Nf6 4. d3 Bc5 5. 0-0 d6 6. c3 0-0 7. h3 h6 8. Re1 a6 9. Ba4 Ba7 10. Nbd2 Ne7 11. d4 Ng6 12. Nf1 Bd7 13. Bc2 Re8 14. Ng3 Bc6 15. Be3 exd4 16. Bxd4 Ne5 17. Bxa7 Rxa7 18. Nd4 Bd7 19. f4 Ng6 20. Qf3 Nh4 21. Qf2 c5 22. Nf3 Nxf3+ 23. Qxf3 Qc7 24. Rad1 Raa8 25. Qd3 Bc6 26. c4 Rad8 27. Qc3 b5 28. cxb5 axb5 29. Nf5 Re6 30. e5 dxe5 31. Rxd8+ Qxd8 32. fxe5 Nd7 33. Qd3 c4 34. Ne7+ Kf8 35. Nxc6 Qb6+ 36. Qd4 Qxc6 37. Bf5 Re7 38. Bxd7 Qxd7 39. Qc5 Qa7 40. Qxa7 Rxa7 41. a3 Ke7 42. Kf2 Ke6 43. Kf3 Rd7 44. Re2 Rd5 45. Kf4 g5+ 46. Kg4 Rd4+ 47. Kf3 h5 48. Kf2 Rd5 49. a4 bxa4 50. Re4 Rd2+ 51. Kf3 Kd5 0-1

[Event "Niederoesterreich Landesliga 1112"]
[Site "Austria"]
[Date "2012.03.11"]
[Round "9"]
[White "Schmid, Thomas2222"]
[Black "Winiwarter, Felix"]
[Result "1-0"]
[WhiteElo "2172"]
[BlackElo "2167"]
[PlyCount "43"]
[EventDate "2011.09.18"]
[EventType "team-tourn"]
[EventRounds "11"]
[EventCountry "AUT"]
[SourceTitle "EXT 2022"]
[Source "ChessBase"]
[SourceDate "2021.10.06"]
[SourceVersion "1"]
[SourceVersionDate "2021.10.06"]
[SourceQuality "1"]

1. e4 c5 2. Nf3 Nc6 3. Bb5 e6 4. 0-0 Nge7 5. c3 a6 6. Be2 d5 7. exd5 Nxd5 8. d4 cxd4 9. Nxd4 Nxd4 10. Qxd4 Bd7 11. Bf3 Bc6 12. Nd2 Qc7 13. Nc4 Rd8 14. Rd1 b5 15. Ne3 Bd6 16. Qxg7 Bxh2+ 17. Kh1 Qe5 18. Qg4 Qc7 19. Nxd5 Bxd5 20. Bxd5 Rxd5 21. Rxd5 exd5 22. g3 1-0

[Event "Niederoesterreich Landesliga 1112"]
[Site "Austria"]
[Date "2012.02.26"]
[Round "8"]
[White "Winiwarter, Felix"]
[Black "Zojer, Stefan"]
[Result "0-1"]
[WhiteElo "2167"]
[BlackElo "2074"]
[PlyCount "96"]
[EventDate "2011.09.18"]
[EventType "team-tourn"]
[EventRounds "11"]
[EventCountry "AUT"]
[SourceTitle "EXT 2022"]
[Source "ChessBase"]
[SourceDate "2021.10.06"]
[SourceVersion "1"]
[SourceVersionDate "2021.10.06"]
[SourceQuality "1"]

1. e4 e5 2. Nf3 Nc6 3. Bb5 a6 4. Ba4 Nf6 5. 0-0 Be7 6. Re1 b5 7. Bb3 0-0 8. d4 exd4 9. e5 Ne8 10. c3 dxc3 11. Nxc3 d6 12. Bd5 Bd7 13. Bf4 Rb8 14. Qe2 dxe5 15. Nxe5 Nxe5 16. Bxe5 Bd6 17. Rad1 Bxe5 18. Qxe5 Qf6 19. Qg3 Nd6 20. Ne4 Nxe4 21. Rxe4 Bf5 22. Rf4 Qg6 23. Qf3 Be6 24. Be4 Qg5 25. h4 Qe5 26. b4 Rfd8 27. Rc1 g6 28. a3 Bc4 29. h5 Rd4 30. hxg6 hxg6 31. Rc3 f5 32. Qg3 Rd1+ 33. Kh2 Kg7 34. Bxf5 Qxf5 35. Rh4 Re8 36. Qxc7+ Rd7 37. Qg3 Qe5 38. f4 Qe1 39. Qh3 Qxh4 40. Qxh4 Rh8 41. Qxh8+ Kxh8 42. g4 Kg7 43. Kg3 Kf6 44. Kf3 Rd3+ 45. Rxd3 Bxd3 46. Ke3 Bc4 47. Ke4 Be2 48. g5+ Ke6 0-1